Esercitarsi con la grammatica (Registro nro. 4254)

Detalles MARC
000 -CABECERA
campo de control de longitud fija 00593cam a2200217 i 4500
001 - NÚMERO DE CONTROL
campo de control Rebiun07663458
003 - IDENTIFICADOR DEL NÚMERO DE CONTROL
campo de control AR-RoIUNI
005 - FECHA Y HORA DE LA ÚLTIMA TRANSACCIÓN
campo de control 20190122154338.0
008 - DATOS DE LONGITUD FIJA--INFORMACIÓN GENERAL
campo de control de longitud fija 080612s2006 it a 000 0 ita d
020 ## - NÚMERO INTERNACIONAL ESTÁNDAR DEL LIBRO
Número Internacional Estándar del Libro 8877157763
040 ## - FUENTE DE LA CATALOGACIÓN
Centro catalogador/agencia de origen UCAR
Centro/agencia transcriptor AR-RoIUNI
080 ## - NÚMERO DE LA CLASIFICACIÓN DECIMAL UNIVERSAL
Número de la Clasificación Decimal Universal 811.131.1 GUI
100 1# - ENTRADA PRINCIPAL--NOMBRE DE PERSONA
Nombre de persona Guida, Patrizia
245 10 - MENCIÓN DE TÍTULO
Título Esercitarsi con la grammatica
Nombre de parte o sección de la obra Livello elementare A1-A2
Mención de responsabilidad, etc. Patrizia Guida, Maria Martina
260 ## - PUBLICACIÓN, DISTRIBUCIÓN, ETC. (PIE DE IMPRENTA)
Lugar de publicación, distribución, etc. Perugia
Nombre del editor, distribuidor, etc. Guerra,
Fecha de publicación, distribución, etc. c2006
300 ## - DESCRIPCIÓN FÍSICA
Extensión 230 p.
Dimensiones 30 cm.
500 ## - NOTA GENERAL
Nota general Nivel elemental
650 10 - PUNTO DE ACCESO ADICIONAL DE MATERIA--TÉRMINO DE MATERIA
Término de materia o nombre geográfico como elemento inicial Italiano
9 (RLIN) 544
700 1# - PUNTO DE ACCESO ADICIONAL--NOMBRE DE PERSONA
Nombre de persona Martina, Maria
942 ## - ELEMENTOS DE PUNTO DE ACCESO ADICIONAL (KOHA)
Fuente del sistema de clasificación o colocación Clasificación Decimal Universal
Tipo de ítem Koha Libros
Existencias
Estado de retiro Estado de pérdida Fuente del sistema de clasificación o colocación Estado dañado Excepción de préstamo Localización permanente Ubicación/localización actual Ubicación en estantería Fecha de adquisición Número de inventario Total de préstamos Signatura topográfica completa Código de barras Fecha visto por última vez Precio válido a partir de Tipo de ítem Koha
    Clasificación Decimal Universal     BIBLIOTECA CENTRAL BIBLIOTECA CENTRAL BIBLIOTECA CENTRAL 22/01/2019 4847   811.131.1 GUI 4847c 22/01/2019 22/01/2019 Libros